• 首页
  • 本馆介绍
  • 公告通知
  • 最新文献
  • 馆藏检索
  • 电子资源
  • 读者导购
  • 参考咨询
  • 我的图书馆
  • 登录
  • 详细信息显示
  • 放入我的书架
  • 预约/预借图书
  • 作者相关作品
  • 分类相关作品
  • 丛书相关作品
  • 出版社相关作品

书目信息

  • 表格格式
  • 工作单格式
  • 卡片格式
题名:
工农兵生活速写
    
 
作者: ;上海人民出版社 编辑
分册:  
出版信息: 上海   上海人民出版社  1974
页数: 47页
开本: 18cm
丛书名:
单 册:
中图分类: J224 , J22
科图分类:
主题词: 油画--中国--现代--画册
电子资源:
ISBN:
000 00641nam0 2200229 450
001 1556171931
005 20150131153805.39
010    @dCNY0.35
091    @a8.3.558@dCNY0.35
100    @a20080301d1972 em y0chiy0121 ea
101 0  @achi
102    @aCN@b310000
105    @aa z 000yy
200 1  @a工农兵生活速写@9gong nong bing sheng huo su xie@f上海人民出版社编辑
210    @a上海@c上海人民出版社@d1974
215    @a47页@d18cm
606 0  @a油画@y中国@z现代@x画册
690    @aJ224@v5
690    @aJ22@v4
711 02 @a上海人民出版社@9shang hai ren min chu ban she@4编辑
801  0 @aCN@bTSSF@c20150131
905    @aZUCC@dJ22@eJY88
    
    工农兵生活速写/上海人民出版社编辑.-上海:上海人民出版社,1974
    47页;18cm
    
    
    ISBN :CNY0.35
    
●
相关链接 在E读中查询图书 在五车中查询图书 在当当中查询图书 在豆瓣中查询图书


正题名:工农兵生活速写     索取号:J22/JY88         预约/预借

序号 登录号 条形码 馆藏地/架位号 状态 备注
1 7861722   278617221   学院路分馆/ [索取号:J22/JY88] 在馆    
2 7861723   278617230   学院路分馆/ [索取号:J22/JY88] 在馆    
3 7861724   278617249   学院路分馆/ [索取号:J22/JY88] 在馆    
4 7861725   278617258   学院路分馆/ [索取号:J22/JY88] 在馆    
5 7861726   278617267   学院路分馆/ [索取号:J22/JY88] 在馆    
6 7861727   278617276   学院路分馆/ [索取号:J22/JY88] 在馆    
7 7864891   278648910   学院路分馆/ [索取号:J22/JY88] 在馆    
唐山师范学院图书馆 欢迎您!
大连网信软件有限公司© 版权所有